| 000 | 00671nam a22002177a 4500 | ||
|---|---|---|---|
| 999 |
_c17016 _d17016 |
||
| 003 | AR-CdUCM | ||
| 008 | 190507b ||||| |||| 00| 0 spa d | ||
| 040 |
_aMUNICIPALIDAD PROVINCIAL DEL CUSCO _cBIBLIOTECA MUNICIPAL DEL CUSCO |
||
| 082 |
_a985.009 / _bM433 |
||
| 100 |
_aMariategui, José Carlos _91823 |
||
| 245 | _aBiblioteca hombres del Perú / | ||
| 260 |
_aLima ; _c1964. |
||
| 300 |
_a150 páginas ; _c20 cm. |
||
| 440 |
_aSegunda serie _916781 |
||
| 505 | _aContenido: Literatura peruana. | ||
| 650 |
_aLiteratura peruana _9169 |
||
| 650 |
_aObras peruanas _914922 |
||
| 650 |
_aEscritores peruanos _9979 |
||
| 942 |
_2ddc _cLIBROS |
||
| 945 |
_adavv _d07/05/2019 |
||